00578pab a2200169 454500008004000000245010100040260000900141300001100150362001000161650003100171650002900202650002100231773002000252909001100272999001900283952010600302180718b2015 xxu||||| |||| 00| 0 eng d aInternationalisation of higher education in India and its importance in the new education policy c2015 ap.5-7. a7 Sep aEducational policy - India aHigher education - India aHigher education aUniversity News a109148 c109143d109143 00104070aIIPAbIIPAd2018-07-19hVolume no: 53, Issue no: 36pAR109608r2018-07-19w2018-07-19yAR